| 000 | 00701nam a22002417a 4500 | ||
|---|---|---|---|
| 999 |
_c7140 _d7140 |
||
| 003 | GBCCL | ||
| 005 | 20241126110620.0 | ||
| 008 | 180711b ||||| |||| 00| 0 eng d | ||
| 020 | _a0830725482 | ||
| 040 | _cGBC | ||
| 082 |
_a268.432 _bPUL |
||
| 100 |
_aSimpson, Amy _912623 |
||
| 245 |
_aFeelings and Emotions/ _cAmy Simpson |
||
| 260 |
_aUSA: _bGospel Light, _c2000. |
||
| 300 |
_a90 p.; _bill., _c28 cm. |
||
| 440 |
_aPulse _v12 _911293 |
||
| 490 | _aGod's Word for a Jr. High Wworld | ||
| 490 | _aLife Issues Track | ||
| 650 |
_aChristian education of teenagers _910659 |
||
| 651 |
_aChristian education _xCurricula _912624 |
||
| 651 |
_aSpiritual life _xchristianity _912625 |
||
| 942 |
_2ddc _cBK |
||